Normal view
MARC view
- Moreno Pérez, Enrique
Entry Nombre Personal
001 - NUMERO DE CONTROL
- campo de control: 56300
003 - IDENTIFICADOR DE NUMERO DE CONTROL
- campo de control: MX-MxUPN
005 - FECHA Y HORA DE LA ÜLTIMA TRANSACCIÓN
- campo de control: 20250407090618.0
008 - DATOS DE LONGITUD FIJA
- campo de control de longitud fija: 250407|| acn||aabn | a|a d
040 ## - FUENTE DE CATALOGACIÓN
- Agencia original de catalogación: MX-MxUPN
- Lenguaje de catalogación: spa
- Agencia de transcripción: MX-MxUPN
100 1# - ENCABEZAMIENTO - NOMBRE PERSONAL
- Nombre personal: Moreno Pérez, Enrique
670 ## - FUENTE EN LA QUE SE LOCALIZARON DATOS
- Cita de la fuente: Enrique Moreno Pérez: revolucionario y jurista sinaloense, 2020:
- Información localizada: portada (Enrique Moreno Pérez)
902 ## - CATALOGADOR
- Catalogador: Víctor Ruiz/070425
